| 000 | 01003nam a2200265 a 4500 | ||
|---|---|---|---|
| 003 | OSt | ||
| 005 | 20140310182432.0 | ||
| 008 | 070118s2007 nyua 000 0 eng | ||
| 020 | _a9781401811808 | ||
| 020 | _a9781401811808 | ||
| 050 |
_aRM 301 _b.St819 2007 |
||
| 100 | 1 |
_aStein, Alice M. _97916 |
|
| 245 | 1 | 0 |
_aPharmacology / _cAlice M. Stein. |
| 260 |
_aClifton Park, NY : _bThomson Delmar Learning, _cc2007. |
||
| 300 |
_axvii, 472 p. : _bill., _c23 cm. |
||
| 440 | 0 |
_aThomson Delmar Learning's nursing review series. _97917 |
|
| 650 | 0 |
_aPharmacology _vExaminations, questions, etc. _98353 |
|
| 650 | 0 |
_aNational Council Licensure Examination for Registered Nurses _vStudy guides. _98354 |
|
| 650 | 0 |
_aNursing _vExaminations, questions, etc. _98355 |
|
| 650 | 1 | 2 |
_aDrug Therapy _xnursing _vExamination Questions. _98356 |
| 650 | 1 | 2 |
_aPharmaceutical Preparations _xadministration & dosage _vExamination Questions. _98357 |
| 730 | 0 | 2 |
_aNCLEX-RN review. _97933 |
| 942 |
_2lcc _cSSLC |
||
| 999 |
_c13379 _d13379 |
||